| 000 | 00925nam a2200313 a 4500 | ||
|---|---|---|---|
| 003 | AR-BaBNM | ||
| 005 | 20251128210025.0 | ||
| 008 | 082120s2002 ||||||||||||||000 | spa|| | ||
| 040 | _cAR-BaBNM | ||
| 100 | 1 | _aSerres Güiraldes, Alfredo M. | |
| 245 | 0 | 0 | _aLa estrategia del General Roca |
| 260 |
_aBuenos Aires _bPleamar _c1979 |
||
| 300 |
_a387 p. _bmapas |
||
| 490 | 0 | _aTestimonios nacionales | |
| 504 | _aBibliografía para consultar p. 379-380 | ||
| 650 | 4 | _aHISTORIA ARGENTINA | |
| 650 | 4 | _aHISTORIA DE LAS RELACIONES INTERNACIONALES | |
| 650 | 4 | _aHISTORIA MILITAR | |
| 650 | 4 | _aABORIGENES ARGENTINOS | |
| 650 | 4 | _aPRESIDENCIAS ARGENTINAS | |
| 650 | 4 | _aCONQUISTA DEL DESIERTO | |
| 650 | 4 | _aRELACIONES INTERNACIONALES | |
| 650 | 4 | _aPOLITICA EXTERIOR | |
| 650 | 4 | _aHISTORIA DIPLOMATICA | |
| 650 | 4 | _aTRATADOS INTERNACIONALES | |
| 653 | 0 | _aCONFLICTOS LIMITROFES | |
| 942 | _cBK | ||
| 998 | _cMariana | ||
| 999 |
_c13750 _d13750 |
||